000 00785nam a22002657a 4500
003 OSt
005 20220715145713.0
008 220715b |||||||| |||| 00| 0 eng d
020 _a9788183714228
040 _aDLC
_beng
_cGSU
_dGSU
_erda
050 _aT353
_bNAR
100 1 _aNarayana, K. L.
_cDr.
_eauthor.
245 1 0 _aEngineering Drawing /
_cDr. K. L. Narayana, Dr. P. Kannaiah.
250 _aThird Edition.
260 _aChennai :
_bScitech Publications (India) Pvt. Ltd.,
_c2012
264 4 _c©2012
300 _a875 pages :
_billustrations ;
_c24 cm.
336 _atext
_2rdacontent
337 _aunmediated
_2rdamedia
338 _avolume
_2rdacarrier
504 _aIncludes index.
650 _aEngineering drawing
700 1 _aKannaiah, P.
_eauthor.
942 _2lcc
_cBK
_n0
999 _c951
_d951